NLSUI OPAC header image

Company law digest 1956-1990. Vol.I (Record no. 6374)

MARC details
000 -LEADER
fixed length control field 00423nam a2200157Ia 4500
008 - FIXED-LENGTH DATA ELEMENTS--GENERAL INFORMATION
fixed length control field 160316s1990 xxu||||| |||| 00| 0 eng d
082 ## - DEWEY DECIMAL CLASSIFICATION NUMBER
Classification number 346.066000
Item number RAM-I
100 ## - MAIN ENTRY--PERSONAL NAME
Personal name Ramaiya A
245 ## - TITLE STATEMENT
Title Company law digest 1956-1990. Vol.I
250 ## - EDITION STATEMENT
Edition statement 4th
260 ## - PUBLICATION, DISTRIBUTION, ETC.
Place of publication, distribution, etc. Delhi
Name of publisher, distributor, etc. Vinod Publishing House
Date of publication, distribution, etc. 1990
300 ## - PHYSICAL DESCRIPTION
Extent 975p
Other physical details
Dimensions
365 ## - TRADE PRICE
Price amount Rs.400/-
650 ## - SUBJECT ADDED ENTRY--TOPICAL TERM
Topical term or geographic name entry element 1.Company Law - Digest of Cases - 1956 - 1990
700 ## - ADDED ENTRY--PERSONAL NAME
Personal name
--
Holdings
Withdrawn status Lost status Damaged status Not for loan Home library Current library Shelving location Date acquired Cost, normal purchase price Total Checkouts Full call number Barcode Date last seen Price effective from Koha item type
        . .   30.05.2017 400.00   346.066 RAM-I 6579 30.05.2017 30.05.2017 BOOKs